| 000 | 00426nam a2200145Ia 4500 | ||
|---|---|---|---|
| 008 | 151015s9999 xx 000 0 und d | ||
| 020 | _a159200573x | ||
| 050 | _aQA 76.76 O63 K64292 2004 | ||
| 245 | _aKoers Diane | ||
| 250 | _a_Microsoft Windows XP Getting Started Diane Koers | ||
| 300 | _aBoston Thomson 2004 | ||
| 500 | _aInclude index | ||
| 650 | _a_Basic windows operations | ||
| 700 | _a^d20120814 10:41:19^okorir | ||
| 999 |
_c3391 _d3391 |
||